Người Lô Lô trong môi trường kinh tế - xã hội vùng biên giới Việt - Trung /

Guardado en:
Detalles Bibliográficos
Autor principal: Phạm Đăng Hiến.
Formato: Artículo
Lenguaje:Vietnamese
Materias:
Etiquetas: Agregar Etiqueta
Sin Etiquetas, Sea el primero en etiquetar este registro!
Thư viện lưu trữ: Thư viện Trường Đại học Đà Lạt
LEADER 00808nam a2200265 4500
001 DLU120138401
005 ##20120725
040 # # |a DLU  |b vie 
041 # # |a vie 
044 # # |a vn 
100 # # |a Phạm Đăng Hiến. 
245 # # |a Người Lô Lô trong môi trường kinh tế - xã hội vùng biên giới Việt - Trung /  |c Phạm Đăng Hiến. 
653 # # |a Bản sắc văn hóa 
653 # # |a Dân tộc Lô Lô 
653 # # |a Kinh tế thị trường 
773 # # |t Dân tộc học  |g Số 1(163), 2010, tr. 5-13 
920 # # |a Phòng Tạp chí -- Trung tâm Thông tin - Thư viện Trường Đại học Đà Lạt 
994 # # |a DLU 
900 # # |a True 
911 # # |a Nguyễn Thị Linh Chi 
925 # # |a G 
926 # # |a A 
927 # # |a BB 
980 # # |a Thư viện Trường Đại học Đà Lạt